Highest 50 Munros Quiz Stats

Quiz not verified by Sporcle

Challenge
Share
Tweet
Embed
Score 0/50 Timer 10:00
0 Plays Today
Height % Correct
1344mBen Nevis
100%
1155mDerry Cairngorm
85.8%
1244mCairn Gorm
85%
1309mBen Macdui
82.3%
1214mBen Lawers
70.8%
1174mBen More
64.6%
1221mAonach Mor
61.9%
1234mAonach Beag
57.5%
1116mAonach Beag
57.5%
1291mCairn Toul
56.6%
1296mBraeriach
55.8%
1220mCarn Mor Dearg
54%
1130mBen Lui
51.3%
1165mStob Binnein
48.7%
1155mLochnagar
48.7%
1171mBen Avon
40.7%
1150mBidean Nam Bian
40.7%
1258mSgor An Lochan Uaine
38.9%
1148mBen Alder
38.9%
1130mBinnein Mor
38.1%
1126mBen Cruachan
37.2%
1118mAn Stuc
34.5%
1103mBeinn Ghlas
34.5%
1113mMonadh Mor
32.7%
1183mCarn Eighe
31.9%
Height % Correct
1110mSgurr Mor
28.3%
1197mBeinn A'Bhuird
26.5%
1181mMam Sodhail
26.5%
1157mBeinn Bhrotain
22.1%
1118mSgor Gaoith
22.1%
1182mBeinn Mheadhoin
21.2%
1118mMeall Garbh
21.2%
1132mGeal-Charn
20.4%
1100mCreise
18.6%
1115mStob Coire Easain
16.8%
1150mSgurr Na Lapaich
15.9%
1177mStob Choire Claurigh
15%
1128mCreag Meagaidh
14.2%
1120mA'Chralaig
14.2%
1108mMeall A'Bhuiridh
14.2%
1151mSgurr nan Ceathreamhnan
13.3%
1129mAn Riabhachan
13.3%
1112mTom A'Choinich
13.3%
1105mStob A'Coire Mheadhoin
13.3%
1121mCarn Nan Gabhar
12.4%
1116mStob Coire An Laoigh
12.4%
1102mBeinn Eibhinn
12.4%
1102mMullach Fraoch-Choire
11.5%
1110mCarn A'Coire Boidheach
10.6%
1109mSgurr Nan Conbhairean
10.6%

You're not logged in!

Compare scores with friends on all Sporcle quizzes.
Sign Up with Email
OR
Log In

You Might Also Like...

Show Comments

Extras

Top Quizzes Today


Score Distribution

Your Account Isn't Verified!

In order to create a playlist on Sporcle, you need to verify the email address you used during registration. Go to your Sporcle Settings to finish the process.

Report this User

Report this user for behavior that violates our Community Guidelines.

Details: